Education for enterpreneurship in the EU education systems

Guardado en:
Detalles Bibliográficos
Autor principal: Barańska, Bogumila
Formato: Capítulo de libro
Lenguaje:inglés
Materias:
Etiquetas: Agregar Etiqueta
Sin Etiquetas, Sea el primero en etiquetar este registro!

MARC

LEADER 00000naa$a2200000$$$4500
001 0031197
005 20221128113129.0
041 0 |a eng 
044 |a SK 
245 1 0 |a Education for enterpreneurship in the EU education systems  |c Bogumila Barańska 
610 2 0 |a podnikanie 
610 2 0 |a podnikatelia 
610 2 0 |a vzdelávanie 
610 2 0 |a vzdelávanie celoživotné 
610 2 0 |a kvalita 
610 2 0 |a zdroje ľudské 
610 2 0 |a investovanie 
610 2 0 |a podpory 
610 2 0 |a programy 
610 2 0 |a Európa 
100 1 |a Barańska, Bogumila